Statistics for Countries Most Similar To Bangladesh

Click here to take the quiz!

General Stats

  • This quiz has been taken 69 times
  • The average score is 9 of 20

Answer Stats

RankCountryScore% Correct
1India71.8
100%
2Pakistan69.6
96%
7Myanmar62.7
88%
4Nepal64.5
88%
8Afghanistan61.0
79%
3Sri Lanka66.2
75%
4Indonesia64.5
74%
14Malaysia59.6
72%
6Cambodia62.8
63%
17Laos58.4
58%
18Iraq58.3
44%
18Yemen58.3
35%
18Kenya58.3
12%
9Tanzania60.5
12%
12Senegal60.0
11%
13Uganda59.8
11%
15Gambia59.3
7%
9Sierra Leone60.5
7%
16Guinea59.2
5%
9Cameroon60.5
4%

Score Distribution

Percentile by Number Answered

Percent of People with Each Score

Your Score History

You have not taken this quiz